000 00980nam a22002892a 4500
999 _c9268
_d9268
001 9268
003 BD - JhCC
005 20180716180718.0
008 500101s1966 cauab b 000 0 eng d
035 _a(BD - JhCC)9268
040 _aWBU
_cWBU
_dOCL
_dWSU
_dSER
_dEQO
_dBD - JhCC
041 _aeng
082 _a951.042
_bISR 1966
090 _aDS740.2.I85
_bS9
100 1 _aIsrael, John,
_d1935-
245 1 0 _aStudent nationalism in China, 1927-1937
_cJohn Israel
260 _aStanford, Calif :
_bPublished for the Hoover Institution on War, Revolution, and Peace by Stanford University Press,
_c1966
300 _aix, 253 p.
_billus., maps.
_c24 cm
490 1 _aHoover Institution publication
504 _aBibliography: p. [231]-244
650 0 _aStudents
_zChina
651 0 _aChina
_xPolitics and government
_y1912-1949
710 2 _aHoover Institution on War, Revolution, and Peace.
830 0 _aHoover Institution publication
942 _2ddc
_cBK